Càlcul i construcció d'alternadors
Descripción Física:
2 v. : il. ; 23 cm
Colección:
Textos núms. C-45 i C-46
Otros Autores:
Catalunya. Extensió d'Ensenyament Tècnic
Materias:
Dinamos -- Corrent altern
MARC
| LEADER | 00000nam a2200000Ia 4500 | ||
|---|---|---|---|
| 001 | 7722, 7723 | ||
| 008 | 160829s9999 xx 000 0 cat d | ||
| 080 | |a C-1-485, RF-5-34 | ||
| 245 | |a Càlcul i construcció d'alternadors | ||
| 260 | |a Barcelona : |b Generalitat de Catalunya, Extensió d'Ensenyament Tècnic, [s.a.] | ||
| 300 | |a 2 v. : |b il. ; |c 23 cm | ||
| 490 | |a Textos núms. C-45 i C-46 | ||
| 650 | |a Dinamos |x Corrent altern |9 27639 | ||
| 700 | |a Catalunya. Extensió d'Ensenyament Tècnic |9 20004 | ||
| 710 | 1 | |a Catalunya. |b Generalitat |9 12125 | |
| 856 | 4 | |u https://media.diba.cat/diba/fitxers/arxiu/fulletons/bib_7723_baixa.pdf |y Accés lliure | |
| 856 | 4 | |u https://media.diba.cat/diba/fitxers/arxiu/fulletons/bib_7723_baixa.pdf |y Accés lliure | |
| 901 | |a Arxiu | ||
| 942 | |n 1 |2 udc | ||
| 952 | |0 0 |1 0 |4 0 |6 C1485_RF534 |7 1 |9 44493 |a Arxiu |b Arxiu |d 2016-12-01 |l 0 |o C-1-485, RF-5-34 |p 7722, 7723 |r 2016-12-01 00:00:00 |w 2016-12-01 |y ARXIU | ||
| 999 | |c 47074 |d 47074 | ||
| 900 | |a bib_7723_baixa.pdf | ||